| 000 | 01168cam a22001934a 4500 | ||
|---|---|---|---|
| 005 | 20250605164403.0 | ||
| 008 | 250528s ||||||||||||||||||||||||d | ||
| 035 | _a24687 | ||
| 040 |
_aGR-AtMCL _bgre _dGR-AtMCL _eAACR2 |
||
| 245 | 1 | _aCrowdfunding / Η Ψηφιακή Χρηματοδότηση στην Εποχή του Κορωνοϊού | |
| 260 | _c2020 | ||
| 300 | _a82 | ||
| 520 | _aΠώς η Κοινότητα 3D Printing της Ελλάδας Συνεισφέρει στην Αντιμετώπιση της Covid-19, Marefind: Το Marketplace για να Βρείτε Εργασία στο Χώρο της Ναυτιλίας, Melapus: Ο Ψηφιακός Ψυχολόγος και Ψυχίατρος Πάντα Δίπλα μας, Among Doctors: Το Linkedin των Ιατρών, Embio Diagnostics: Ασφαλή Τρόφιμα σε 3 Λεπτά, Οι Καλύτερες Εφαρμογές Απομακρυσμένης Εργασίας και Συνεργασίας για την Επιχείρηση σας. | ||
| 700 | 1 |
_aStartupper Mag _99502 |
|
| 700 | 1 |
_aΔιονάτος Γιάννης _99503 |
|
| 942 | _cCR | ||
| 999 |
_c9554 _d9554 |
||